| 000 | 00766nam a22002537a 4500 | ||
|---|---|---|---|
| 999 |
_c4550 _d4550 |
||
| 003 | AR-CdUCM | ||
| 008 | 190311b ||||| |||| 00| 0 eng d | ||
| 020 | _a84-8280-106-6 | ||
| 040 |
_aMUNICIPALIDAD PROVINCIAL DEL CUSCO _cBIBLIOTECA MUNICIPAL DEL CUSCO |
||
| 082 |
_a828.82 / _bD73 |
||
| 100 |
_aDickens, Charles _9500 |
||
| 245 | _aTiempo Didiciles / | ||
| 260 |
_aBogota : _bLa Oveja Negra, _c1983. |
||
| 300 |
_a340 paginas ; _c18cm. |
||
| 440 |
_aHistoria Universal de la Literatura _n6 _914233 |
||
| 500 | _aTraducción de: Hard times. | ||
| 650 |
_aNovelas Inglesas _911649 |
||
| 650 |
_aSiglo XIX _9971 |
||
| 650 |
_aNorteamerica _95078 |
||
| 650 |
_aLiteratura _983 |
||
| 700 |
_aLazaro Ros, Amando _914234 |
||
| 942 |
_2ddc _cLIBROS |
||
| 945 | _apjha | ||